000 00639nam a2200217 i 4500
001 125782
003 ES-MaACL
005 20250912063049.0
007 t|
008 070214s1960 sp r ||||1| spa d
100 1 _aReglá, Juan,
_d1917-1973
_995897
245 1 0 _a1.000 biografías abreviadas /
_cpor Juan Reglá.
250 _a1ª ed.
260 _aBarcelona :
_bGassó Hermanos,
_c1960.
300 _a430 p., 17 lám. ;
_c20 cm.
490 1 _aEnciclopedias de Gassó
650 4 _aBiografías.
_910574
830 0 _aEnciclopedias de Gassó
_9181703
852 _aES-MaACL
_jC-20607
_bR.48666
999 _c125782
_d125782